| 000 | 00582nam a2200205 a 4500 | ||
|---|---|---|---|
| 005 | 20140310183625.0 | ||
| 008 | 120910s19uu xx 00 eng d | ||
| 020 | _a9788183569460 | ||
| 050 |
_aSB 446.5 _b.Sa48 2011 |
||
| 100 | _aSampson, Charlie | ||
| 245 |
_aHorticultural tourism / _cCharlie Sampson. |
||
| 250 | _a1st ed. | ||
| 260 |
_aNew Delhi, India : _bDiscovery Pub. House, _c2011. |
||
| 300 |
_a255 p. : _c22 cm. |
||
| 500 | _aIncludes index | ||
| 521 | _aTOU | ||
| 650 |
_aHorticultural service industry _xManagement |
||
| 650 | _aTourism | ||
| 942 |
_cBK _2lcc _kFOR |
||
| 999 |
_c25510 _d25510 |
||